The future - oriented coal company /

Hlavní autor: Vrbová, Marie, 1942-
Další autoři: Vrba, Tomáš, 1970-
Jazyk: Angličtina
Vydáno: Chomutov : Severočeské doly, 2001
Témata:
Fyzický popis: 23 s. : barev. il. ; 30 cm
Knihy
Uloženo v:
LEADER 01264nam a2200349 a 4500
001 000572072
003 CZ BrMZK
005 20061130121641.0
007 ta
008 010825s2001 xr e f eng d
040 |a BOA001  |b cze 
043 |a e-xr---  |b e-xr-us  |2 czenas 
072 7 |a 622  |x Hornictví  |2 Konspekt  |9 19 
080 |a 622.33+662.64/.66  |2 MRF 
080 |a 622.332  |2 MRF 
080 |a (437.315)  |2 MRF 
080 |a (036)  |2 MRF 
100 1 |a Vrbová, Marie,  |d 1942-  |7 jn20001103532  |4 aut 
245 1 4 |a The future - oriented coal company /  |c [concept and text: Marie Vrbová, Tomáš Vrba] 
260 |a Chomutov :  |b Severočeské doly,  |c 2001 
300 |a 23 s. :  |b barev. il. ;  |c 30 cm 
500 |a Název z obálky 
500 |a Překlad z češtiny 
650 7 |a uhelný průmysl  |7 ph116522  |z Česko  |2 czenas 
650 0 7 |a těžba hnědého uhlí  |7 ph135071  |z Česko  |2 czenas 
655 7 |a informační publikace  |7 fd132454  |2 czenas 
610 2 7 |a Severočeské doly  |7 kn20020322450  |2 czenas 
651 7 |a Chomutov (Česko : oblast)  |7 ge128940  |2 czenas 
700 1 |a Vrba, Tomáš,  |d 1970-  |7 jn20001103533  |4 aut 
910 |a BOA001  |b 4-1091.005 
990 |a BK 
996 6 |b 2610144130  |c 4-1091.005  |l MZK  |r Sklad / do 1 hodiny  |n 1  |p p.v.  |w 000572072  |u 000010  |a 1  |e BOA001  |j MZK50  |s P